banner-ar

المترادفات (Record no. 30129)

MARC details
000 -الفاتح
حقل البيانات ثابتة الطول 00667nam a2200181Ia 4500
005 - وقت وتاريخ اخر تعامل مع التسجيلة
رقم الضبط 20240530102140.0
008 - عناصر البيانات ثابتة الطول - معلومات عامة
حقل البيانات ثابتة الطول 140319s xx 000 0 ara d
040 ## - مصدر الفهرسة
وكالة الفهرسة الأصلية GCL /
وكالة النسخ GCL
082 04 - رقم تصنيف ديوى العشرى
رقم التصنيف 412 /
رقم المادة ع م
245 10 - بيان العنوان
العنوان المترادفات
بيان المسئوليه,etc تاليف عبدالجواد افندى عبدالعال ، عبدالله افندى الانصارى ؛ مراجع حمزة فتح الله
300 ## - الوصف المادى
التعداد 70 ص؛
تفاصيل ماديه اخرى للوعاء 24 سم
650 70 - المدخل الاضافى بالموضوع-مصطلح موضوعى
مصدر الرأس أو المصطلح الفصاحة
650 70 - المدخل الاضافى بالموضوع-مصطلح موضوعى
مصدر الرأس أو المصطلح البلاغة
700 ## - المدخل الاضافى - اسم شخصى
الإسم الشخصى عبدالله افندى الانصارى
الدور مؤلف
700 ## - المدخل الاضافى - اسم شخصى
الإسم الشخصى حمزة فتح الله
الدور مراجع
942 ## - عناصر المدخل الإضافي( كوها)
مصدر التصنيف او مخطط الترفيف Dewey Decimal Classification
Koha [default] item type كتاب
Holdings
حالة التراجع حالة الفقد حالة تلف ليس للاعارة المكان المؤقت الموقع الحالى تاريخ الاكتساب اجمالي اﻻعارات رقم الطلب الباركود تاريخ اخر مشاهدة تاريخ تفعيل السعر نوع وعاء كوها
        مكتبة القاهرة الكبرى مكتبة القاهرة الكبرى 03/26/2014   412\ع م 70095 03/26/2014 03/26/2014 كتاب

Powered By

EGPV